00345nam a2200133Ia 4500008004100000020001500041041001200056082001100068100001400079245005700093260003900150300000800189650001400197221030s9999 xx 000 0 und d a8131726878 aEnglish a105.23 aJ. Bernal 0aApplication Architecture for Webspherecby J. Bernal bPearson EdcuationaNew Delhic2009 a302 aComputers